Las estaciones del año.

Guardado en:
Formato: Deslizar
Series:Cómo, por qué, para qué?
Materias:
Etiquetas: Agregar Etiqueta
Sin Etiquetas, Sea el primero en etiquetar este registro!
LEADER 00960ngm a22003015g 4500
001 CEM.cems021780
008 130507b1993##################0###0#####d
005 20240910164839.0
245 0 0 |a Las estaciones del año. 
300 |a 10 
490 0 |a Cómo, por qué, para qué? 
500 |a En soporte VHS, consultar en ventanilla. 
505 0 |a Distribución de los climas en la geografía terrestre y su variación. Tipos de climas. Movimiento de traslación. 
538 |a Soporte: VHS - Norma: Pal N - Color - Grabación DRD 1993 - Hitachi=4548 
082 9 1 |/ CEA 
653 |a GEOGRAFIA 
653 |a CLIMA 
653 |a ESTACIONES 
653 |a CLIMATOLOGIA 
653 |a TRASLACION 
653 |a MOVIMIENTO DE TRASLACION 
653 |a PRIMAVERA 
653 |a VERANO 
653 |a OTOÑO 
653 |a INVIERNO 
653 |a NIVEL PRIMARIO 
653 |a NIVEL SECUNDARIO 
859 |a CEMS  |b BIB. CEMS - Depto. Recursos Didacticos  |h 910  |i CEA  |k DRD  |p 423.12  |t Ej.1